| 000 | 01315nam a22003137a 4500 | ||
|---|---|---|---|
| 999 |
_c118 _d118 |
||
| 001 | 004008 | ||
| 003 | CoMeUDC004008 | ||
| 005 | 20181025204442.0 | ||
| 008 | 181025b ||||| |||| 00| 0 eng d | ||
| 020 | _a9789586524124 | ||
| 040 |
_aCoMeUDC _bspa _cCoMeUDC |
||
| 043 | _acl----- | ||
| 082 | 0 | 4 |
_a324.98 _bM17v _221 |
| 100 |
_aMartínez Cárdenas, Edgar Enrique. _965 |
||
| 245 | 1 | 0 |
_a25 años : _belección popular de alcaldes / _cEgar Enrique Martínez Cárdenas, Juan Manuel Ramírez Mora, Harold David Pico Garcia. |
| 246 | 1 | 4 | _aVeinticinco años: elección popular de alcaldes |
| 260 |
_aBogotá : _bEscuela Superior de Administración Pública : _bGrupo de Investigación Sinergia : _bUPTC, _c2015. |
||
| 300 |
_a240 páginas : _bilustraciones ; _c24 cm. |
||
| 504 | _aIncluye referencias bibliográficas (páginas 227-240) | ||
| 650 | 0 |
_aDescentralización administrativa _z Amřica Latina. _966 |
|
| 650 | 0 |
_aElección popular de alcaldes _z América Latina. _967 |
|
| 650 | 4 |
_aDemocracia _z América Latina. |
|
| 650 |
_aElecciones _z América Latina. |
||
| 651 | 0 |
_aAmérica Latina _x Política y gobierno. _968 |
|
| 700 |
_aRamírez Mora, Juan Manuel. _969 |
||
| 700 |
_aPico García, Harold David. _970 |
||
| 942 |
_2ddc _cBK |
||
| 949 |
_an _bn |
||